000 00607nam a2200193 i 4500
001 34778
003 ES-MaACL
005 20240228185849.0
007 t|
008 030211s1968 sp ||||1| spa d
100 1 _aBonn, Gisela.
_930214
245 1 0 _aAfrica abandona la selva
_b: continente de contrastes /
_cGisela Bonn ; [traducción J. M. Pomares Olivares].
250 _a1ª ed.
260 _aBarcelona, etc. :
_bPlaza & Janés,
_c[1968]
300 _a440 p., 48 lám. ;
_c23 cm.
700 0 _aPomares, José M.,
_d1943-
_992903
852 _aES-MaACL
_jC-47930
_bR.68385
999 _c34778
_d34778